=LDR 00000nam 2200000 4500 =001 INLIS000000000034617 =005 20130612140521 =008 ***********************************ind** =035 ##$$0010-061300000034617 =041 ##$$a ind =082 ##$$a 813 =090 ##$$a 813, Abu,s =100 ##$$a Abulhawa, Susan =245 ##$$a Scar Of David, Scar Of Palestine, Susan Abulhawa; Penerjemah, Peni Indardini; Penyunting, Soehindarati a.Shinta =260 ##$$a 2009 $b Jakarta =300 ##$$a 478 hlm., 20 cm =650 ##$$a Fiksi Indonesia =700 ##$$a Indardini, Beni =850 ##$$a NBPNMAT =990 ##$$a 0001/BPAP-NTB/20142014 =990 ##$$a 0001/BPAP-NTB/20142015